Financing of universities and innovations in higher education funding in the Slovak Republic
Článok analyzuje na teoretickej, metodologickej a vedeckej úrovni financovanie vysokoškolského vzdelávania na Slovensku a porovnáva rozličné stratégie jeho financovania v iných krajinách. Analýza slovenského modelu financovania a najnovšie inovácie v tomto modeli. Financovanie univerzít a kvalita vz...
Salvato in:
| Autore principale: | |
|---|---|
| Altri autori: | |
| Natura: | Capitolo di libro |
| Lingua: | inglese |
| Soggetti: | |
| Tags: |
Nessun Tag, puoi essere il primo ad aggiungerne!!
|
MARC
| LEADER | 00000naa a2200000 4500 | ||
|---|---|---|---|
| 001 | 0178813 | ||
| 005 | 20231012091027.8 | ||
| 041 | 0 | |a eng | |
| 044 | |a SK | ||
| 245 | 1 | 0 | |a Financing of universities and innovations in higher education funding in the Slovak Republic |c Monika Rebeková, Oľga Roháčiková |
| 520 | |a Článok analyzuje na teoretickej, metodologickej a vedeckej úrovni financovanie vysokoškolského vzdelávania na Slovensku a porovnáva rozličné stratégie jeho financovania v iných krajinách. Analýza slovenského modelu financovania a najnovšie inovácie v tomto modeli. Financovanie univerzít a kvalita vzdelávania. | ||
| 610 | 2 | 0 | |a univerzity |
| 610 | 2 | 0 | |a školy vysoké |
| 610 | 2 | 0 | |a financovanie |
| 610 | 2 | 0 | |a inovácia |
| 610 | 2 | 0 | |a modely |
| 100 | 1 | |a Rebeková, Monika | |
| 700 | 1 | |a Roháčiková, Oľga | |